[Event "DVM U16w 2024"]
[Site "Neumünster GER"]
[Date "2024.12.28"]
[Round "4"]
[White "Stepanjan, Tatevik Mia"]
[Black "Fetahovic, Sarah"]
[Result "0-1"]
[Termination "normal"]
[Board "8.1"]
[WhiteElo "1572"]
[BlackElo "1739"]
[WhiteClock "00:32:02"]
[BlackClock "00:05:25"]
[WhiteTeam "Elmshorner SC 1896"]
[BlackTeam "SG Solingen"]
[PlyCount "92"]
[WhiteFideId "16246128"]
[BlackFideId "34601546"]
[EventCountry "GER"]
[EventRounds "7"]
[EventType "team-swiss"]
[EventDate "2024.12.26"]

1. e4 {[%clk 01:30:57]} {[%emt 00:00:02]} e5 {[%clk 01:30:52]} {[%emt
00:00:08]} 2. Nf3 {[%clk 01:31:21]} {[%emt 00:00:06]} Nc6 {[%clk 01:31:15]}
{[%emt 00:00:08]} 3. Bb5 {[%clk 01:31:44]} {[%emt 00:00:07]} a6 {[%clk
01:31:30]} {[%emt 00:00:15]} 4. Ba4 {[%clk 01:32:07]} {[%emt 00:00:07]} d6
{[%clk 01:31:45]} {[%emt 00:00:15]} 5. Nc3 {[%clk 01:32:01]} {[%emt 00:00:36]}
b5 {[%clk 01:30:34]} {[%emt 00:01:41]} 6. Bb3 {[%clk 01:32:19]} {[%emt
00:00:12]} Be7 {[%clk 01:29:32]} {[%emt 00:01:31]} 7. d3 {[%clk 01:32:18]}
{[%emt 00:00:31]} Bb7 {[%clk 01:28:09]} {[%emt 00:01:53]} 8. O-O {[%clk
01:32:03]} {[%emt 00:00:45]} Na5 {[%clk 01:26:16]} {[%emt 00:02:24]} 9. Be3
{[%clk 01:30:11]} {[%emt 00:02:19]} Nf6 {[%clk 01:23:50]} {[%emt 00:02:59]} 10.
a3 {[%clk 01:22:13]} {[%emt 00:08:28]} Nxb3 {[%clk 01:23:46]} {[%emt 00:00:34]}
11. cxb3 {[%clk 01:22:26]} {[%emt 00:00:17]} O-O {[%clk 01:23:22]} {[%emt
00:00:53]} 12. Ne2 {[%clk 01:17:13]} {[%emt 00:05:43]} Re8 {[%clk 01:20:02]}
{[%emt 00:03:50]} 13. Ng3 {[%clk 01:13:41]} {[%emt 00:04:02]} c6 {[%clk
01:10:02]} {[%emt 00:10:30]} 14. Nf5 {[%clk 01:13:16]} {[%emt 00:00:55]} Bf8
{[%clk 01:09:41]} {[%emt 00:00:51]} 15. a4 {[%clk 01:10:44]} {[%emt 00:03:01]}
b4 {[%clk 00:46:31]} {[%emt 00:23:41]} 16. Re1 {[%clk 01:09:51]} {[%emt
00:01:23]} a5 {[%clk 00:43:52]} {[%emt 00:03:09]} 17. Bg5 {[%clk 01:08:12]}
{[%emt 00:02:09]} c5 {[%clk 00:31:49]} {[%emt 00:12:34]} 18. Nd2 {[%clk
01:06:46]} {[%emt 00:01:55]} d5 {[%clk 00:24:18]} {[%emt 00:08:02]} 19. exd5
{[%clk 01:05:15]} {[%emt 00:02:00]} Qxd5 {[%clk 00:23:39]} {[%emt 00:01:09]}
20.
Qf3 {[%clk 01:00:49]} {[%emt 00:04:55]} e4 {[%clk 00:16:56]} {[%emt 00:07:14]}
21. dxe4 {[%clk 00:58:51]} {[%emt 00:02:28]} Nxe4 {[%clk 00:17:13]} {[%emt
00:00:13]} 22. Nxe4 {[%clk 00:55:24]} {[%emt 00:03:57]} Rxe4 {[%clk 00:17:21]}
{[%emt 00:00:22]} 23. Rxe4 {[%clk 00:51:52]} {[%emt 00:04:02]} Qxe4 {[%clk
00:17:32]} {[%emt 00:00:19]} 24. Qxe4 {[%clk 00:49:38]} {[%emt 00:02:44]} Bxe4
{[%clk 00:18:00]} {[%emt 00:00:02]} 25. Ne7+ {[%clk 00:44:33]} {[%emt
00:05:35]} Kh8 {[%clk 00:16:45]} {[%emt 00:01:46]} 26. Re1 {[%clk 00:42:21]}
{[%emt 00:02:40]} Bc2 {[%clk 00:09:15]} {[%emt 00:08:00]} 27. Re3 {[%clk
00:39:45]} {[%emt 00:03:03]} f6 {[%clk 00:01:52]} {[%emt 00:07:56]} 28. Bf4
{[%clk 00:35:02]} {[%emt 00:05:12]} Bxb3 {[%clk 00:02:08]} {[%emt 00:00:15]}
29.
Rxb3 {[%clk 00:32:20]} {[%emt 00:03:12]} Bxe7 {[%clk 00:02:37]} {[%emt
00:00:02]} 30. Re3 {[%clk 00:32:34]} {[%emt 00:00:15]} Rd8 {[%clk 00:00:43]}
{[%emt 00:02:24]} 31. h3 {[%clk 00:31:33]} {[%emt 00:01:31]} Rd7 {[%clk
00:01:06]} {[%emt 00:00:08]} 32. Re2 {[%clk 00:30:03]} {[%emt 00:01:59]} Kg8
{[%clk 00:01:22]} {[%emt 00:00:14]} 33. Be3 {[%clk 00:29:31]} {[%emt 00:01:02]}
Kf7 {[%clk 00:01:08]} {[%emt 00:00:44]} 34. Rc2 {[%clk 00:29:21]} {[%emt
00:00:38]} Rc7 {[%clk 00:01:15]} {[%emt 00:00:26]} 35. b3 {[%clk 00:29:12]}
{[%emt 00:00:39]} Ke6 {[%clk 00:01:23]} {[%emt 00:00:22]} 36. Rd2 {[%clk
00:28:17]} {[%emt 00:01:25]} Rd7 {[%clk 00:01:13]} {[%emt 00:00:40]} 37. Rxd7
{[%clk 00:27:06]} {[%emt 00:01:41]} Kxd7 {[%clk 00:01:40]} {[%emt 00:00:03]}
38.
Kf1 {[%clk 00:27:29]} {[%emt 00:00:06]} Ke6 {[%clk 00:02:05]} {[%emt 00:00:05]}
39. Ke2 {[%clk 00:27:50]} {[%emt 00:00:10]} Kd5 {[%clk 00:02:26]} {[%emt
00:00:10]} 40. Kd3 {[%clk 00:28:08]} {[%emt 00:00:11]} Bd6 {[%clk 00:01:27]}
{[%emt 00:01:28]} 41. h4 {[%clk 00:21:50]} {[%emt 00:06:49]} h5 {[%clk
00:20:13]} {[%emt 00:11:44]} 42. Bd2 {[%clk 00:44:33]} {[%emt 00:07:47]} Be5
{[%clk 00:18:02]} {[%emt 00:02:41]} 43. Be3 {[%clk 00:44:28]} {[%emt 00:00:35]}
Bd4 {[%clk 00:15:10]} {[%emt 00:03:22]} 44. Bxd4 {[%clk 00:32:28]} {[%emt
00:12:30]} cxd4 {[%clk 00:15:32]} {[%emt 00:00:07]} 45. g3 {[%clk 00:32:52]}
{[%emt 00:00:07]} Ke5 {[%clk 00:05:33]} {[%emt 00:10:29]} 46. f3 {[%clk
00:32:02]} {[%emt 00:01:21]} g5 {[%clk 00:05:25]} {[%emt 00:00:38]} 47. hxg5
{[%clk 00:11:43]} {[%emt 00:20:48]} fxg5 {[%clk 00:05:41]} {[%emt 00:00:14]}
48.
Ke2 {[%clk 00:09:58]} {[%emt 00:02:16]} h4 {[%clk 00:05:03]} {[%emt 00:01:08]}
49. f4+ {[%clk 00:07:55]} {[%emt 00:02:33]} gxf4 {[%clk 00:05:23]} {[%emt
00:00:10]} 50. gxh4 {[%clk 00:08:16]} {[%emt 00:00:09]} Kf5 {[%clk 00:05:41]}
{[%emt 00:00:11]} 51. h5 {[%clk 00:06:15]} {[%emt 00:02:31]} Kg5 {[%clk
00:05:50]} {[%emt 00:00:21]} 52. Kf3 {[%clk 00:06:03]} {[%emt 00:00:41]} d3
{[%clk 00:06:09]} {[%emt 00:00:11]} 53. h6 {[%clk 00:05:42]} {[%emt 00:00:51]}
Kxh6 {[%clk 00:06:26]} {[%emt 00:00:14]} 54. Kf2 {[%clk 00:04:07]} {[%emt
00:02:05]} Kg5 {[%clk 00:06:44]} {[%emt 00:00:12]} 55. Kf3 {[%clk 00:04:12]}
{[%emt 00:00:24]} Kf5 {[%clk 00:06:50]} {[%emt 00:00:25]} 56. Kf2 {[%clk
00:04:18]} {[%emt 00:00:23]} Ke4 {[%clk 00:07:13]} {[%emt 00:00:08]} 57. Ke1
{[%clk 00:04:39]} {[%emt 00:00:09]} Ke3 {[%clk 00:07:28]} {[%emt 00:00:15]} 58.
Kd1 {[%clk 00:04:53]} {[%emt 00:00:16]} d2 {[%clk 00:07:51]} {[%emt 00:00:07]}
0-1

[Event "DVM U16w 2024"]
[Site "Neumünster GER"]
[Date "2024.12.28"]
[Round "4"]
[White "Dhanasekaran Meenambigai, Diya"]
[Black "Margaryan, Sofia"]
[Result "1/2-1/2"]
[Termination "normal"]
[Board "8.2"]
[WhiteElo "1568"]
[BlackElo "1532"]
[WhiteClock "01:02:26"]
[BlackClock "00:22:09"]
[WhiteTeam "SG Solingen"]
[BlackTeam "Elmshorner SC 1896"]
[PlyCount "55"]
[WhiteFideId "34611924"]
[BlackFideId "16268229"]
[EventCountry "GER"]
[EventRounds "7"]
[EventType "team-swiss"]
[EventDate "2024.12.26"]

1. d4 {[%clk 01:30:58]} {[%emt 00:00:01]} d5 {[%clk 01:30:52]} {[%emt
00:00:08]} 2. Nc3 {[%clk 01:31:22]} {[%emt 00:00:06]} Nf6 {[%clk 01:31:18]}
{[%emt 00:00:04]} 3. Bf4 {[%clk 01:31:43]} {[%emt 00:00:08]} e6 {[%clk
01:31:39]} {[%emt 00:00:09]} 4. e3 {[%clk 01:31:44]} {[%emt 00:00:29]} Bb4
{[%clk 01:31:52]} {[%emt 00:00:17]} 5. a3 {[%clk 01:31:14]} {[%emt 00:01:01]}
Ba5 {[%clk 01:32:06]} {[%emt 00:00:15]} 6. b4 {[%clk 01:30:45]} {[%emt
00:00:58]} Bb6 {[%clk 01:32:30]} {[%emt 00:00:06]} 7. Bd3 {[%clk 01:30:35]}
{[%emt 00:00:39]} O-O {[%clk 01:32:34]} {[%emt 00:00:26]} 8. Nf3 {[%clk
01:30:28]} {[%emt 00:00:37]} c6 {[%clk 01:32:41]} {[%emt 00:00:24]} 9. O-O
{[%clk 01:30:08]} {[%emt 00:00:50]} a5 {[%clk 01:32:17]} {[%emt 00:00:54]} 10.
b5 {[%clk 01:29:48]} {[%emt 00:00:50]} cxb5 {[%clk 01:32:19]} {[%emt 00:00:28]}
11. Nxb5 {[%clk 01:29:59]} {[%emt 00:00:19]} Bd7 {[%clk 01:31:49]} {[%emt
00:00:59]} 12. Nd6 {[%clk 01:29:53]} {[%emt 00:00:36]} Bc6 {[%clk 01:31:53]}
{[%emt 00:00:27]} 13. Nb5 {[%clk 01:28:14]} {[%emt 00:02:09]} h6 {[%clk
01:27:48]} {[%emt 00:04:35]} 14. h3 {[%clk 01:27:17]} {[%emt 00:01:26]} Bxb5
{[%clk 01:22:08]} {[%emt 00:06:10]} 15. Bxb5 {[%clk 01:26:27]} {[%emt
00:01:20]} Bc7 {[%clk 01:22:29]} {[%emt 00:00:10]} 16. Ne5 {[%clk 01:25:49]}
{[%emt 00:01:08]} Nbd7 {[%clk 01:15:44]} {[%emt 00:07:15]} 17. a4 {[%clk
01:24:04]} {[%emt 00:02:15]} Nxe5 {[%clk 01:15:38]} {[%emt 00:00:35]} 18. dxe5
{[%clk 01:23:45]} {[%emt 00:00:49]} Ne4 {[%clk 01:15:33]} {[%emt 00:00:35]} 19.
Qg4 {[%clk 01:22:59]} {[%emt 00:01:14]} Kh8 {[%clk 01:07:45]} {[%emt 00:08:20]}
20. c4 {[%clk 01:17:23]} {[%emt 00:06:06]} Nc3 {[%clk 00:52:02]} {[%emt
00:16:13]} 21. Rfc1 {[%clk 01:16:05]} {[%emt 00:01:48]} Nxb5 {[%clk 00:50:27]}
{[%emt 00:02:05]} 22. cxb5 {[%clk 01:14:52]} {[%emt 00:01:44]} Qd7 {[%clk
00:50:33]} {[%emt 00:00:24]} 23. Qh5 {[%clk 01:13:06]} {[%emt 00:02:13]} Kg8
{[%clk 00:41:19]} {[%emt 00:09:46]} 24. Qf3 {[%clk 01:09:26]} {[%emt 00:04:09]}
Rac8 {[%clk 00:38:26]} {[%emt 00:03:24]} 25. Qg3 {[%clk 01:04:08]} {[%emt
00:05:46]} Kh8 {[%clk 00:22:26]} {[%emt 00:16:32]} 26. Qh4 {[%clk 01:03:54]}
{[%emt 00:00:42]} Kg8 {[%clk 00:22:03]} {[%emt 00:00:55]} 27. Qg3 {[%clk
01:03:04]} {[%emt 00:01:20]} Kh8 {[%clk 00:22:09]} {[%emt 00:00:24]} 28. Qh4
{[%clk 01:02:26]} {[%emt 00:01:09]} 1/2-1/2

[Event "DVM U16w 2024"]
[Site "Neumünster GER"]
[Date "2024.12.28"]
[Round "4"]
[White "Margaryan, Mane"]
[Black "Fetahovic, Maida"]
[Result "1-0"]
[Termination "normal"]
[Board "8.3"]
[WhiteElo "1533"]
[BlackElo "1505"]
[WhiteClock "00:17:23"]
[BlackClock "00:22:45"]
[WhiteTeam "Elmshorner SC 1896"]
[BlackTeam "SG Solingen"]
[PlyCount "119"]
[WhiteFideId "16268237"]
[BlackFideId "34611932"]
[EventCountry "GER"]
[EventRounds "7"]
[EventType "team-swiss"]
[EventDate "2024.12.26"]

1. d4 {[%clk 01:30:59]} {[%emt 00:00:01]} d5 {[%clk 01:30:54]} {[%emt
00:00:06]} 2. c4 {[%clk 01:31:25]} {[%emt 00:00:04]} c6 {[%clk 01:31:20]}
{[%emt 00:00:04]} 3. cxd5 {[%clk 01:31:38]} {[%emt 00:00:16]} cxd5 {[%clk
01:31:43]} {[%emt 00:00:08]} 4. Nc3 {[%clk 01:32:01]} {[%emt 00:00:07]} Nc6
{[%clk 01:31:55]} {[%emt 00:00:18]} 5. Nf3 {[%clk 01:32:11]} {[%emt 00:00:20]}
Nf6 {[%clk 01:32:11]} {[%emt 00:00:14]} 6. Bg5 {[%clk 01:31:59]} {[%emt
00:00:42]} e6 {[%clk 01:30:22]} {[%emt 00:02:19]} 7. e3 {[%clk 01:28:19]}
{[%emt 00:04:08]} a6 {[%clk 01:29:21]} {[%emt 00:01:33]} 8. a4 {[%clk
01:26:45]} {[%emt 00:02:04]} Bd6 {[%clk 01:28:57]} {[%emt 00:00:53]} 9. Bd3
{[%clk 01:26:35]} {[%emt 00:00:40]} O-O {[%clk 01:23:55]} {[%emt 00:05:32]} 10.
O-O {[%clk 01:26:33]} {[%emt 00:00:32]} Re8 {[%clk 01:22:57]} {[%emt 00:01:28]}
11. Rc1 {[%clk 01:23:29]} {[%emt 00:03:34]} Be7 {[%clk 01:13:14]} {[%emt
00:10:13]} 12. Re1 {[%clk 01:19:58]} {[%emt 00:04:01]} Bd7 {[%clk 01:03:51]}
{[%emt 00:09:53]} 13. h3 {[%clk 01:10:42]} {[%emt 00:09:45]} Rc8 {[%clk
00:57:40]} {[%emt 00:06:41]} 14. Bf4 {[%clk 00:48:22]} {[%emt 00:22:50]} Nh5
{[%clk 00:53:31]} {[%emt 00:04:40]} 15. Bh2 {[%clk 00:46:00]} {[%emt 00:02:52]}
Rf8 {[%clk 00:48:13]} {[%emt 00:05:48]} 16. Ne5 {[%clk 00:41:49]} {[%emt
00:04:41]} Nxe5 {[%clk 00:46:47]} {[%emt 00:01:57]} 17. Bxe5 {[%clk 00:40:26]}
{[%emt 00:01:53]} g6 {[%clk 00:46:58]} {[%emt 00:00:20]} 18. e4 {[%clk
00:30:16]} {[%emt 00:10:39]} f6 {[%clk 00:36:24]} {[%emt 00:11:03]} 19. Bh2
{[%clk 00:29:49]} {[%emt 00:00:56]} dxe4 {[%clk 00:35:13]} {[%emt 00:01:41]}
20. Bxe4 {[%clk 00:28:50]} {[%emt 00:01:29]} Bc6 {[%clk 00:33:42]} {[%emt
00:02:02]} 21. d5 {[%clk 00:25:04]} {[%emt 00:04:17]} exd5 {[%clk 00:28:34]}
{[%emt 00:05:37]} 22. Nxd5 {[%clk 00:22:26]} {[%emt 00:03:07]} Re8 {[%clk
00:22:50]} {[%emt 00:06:14]} 23. Nxe7+ {[%clk 00:21:02]} {[%emt 00:01:53]} Rxe7
{[%clk 00:22:57]} {[%emt 00:00:23]} 24. Qxd8+ {[%clk 00:19:15]} {[%emt
00:02:16]} Rxd8 {[%clk 00:21:33]} {[%emt 00:01:55]} 25. Bd5+ {[%clk 00:16:23]}
{[%emt 00:03:22]} Rxd5 {[%clk 00:21:32]} {[%emt 00:00:31]} 26. Rxe7 {[%clk
00:16:39]} {[%emt 00:00:15]} Rd2 {[%clk 00:21:22]} {[%emt 00:00:40]} 27. b4
{[%clk 00:13:10]} {[%emt 00:04:00]} Rb2 {[%clk 00:20:44]} {[%emt 00:01:07]} 28.
Bd6 {[%clk 00:11:56]} {[%emt 00:01:43]} Ng7 {[%clk 00:19:18]} {[%emt 00:01:57]}
29. Bc5 {[%clk 00:10:10]} {[%emt 00:02:16]} Nf5 {[%clk 00:18:10]} {[%emt
00:01:38]} 30. Rc7 {[%clk 00:09:33]} {[%emt 00:01:06]} Ng7 {[%clk 00:18:06]}
{[%emt 00:00:34]} 31. Rd1 {[%clk 00:08:38]} {[%emt 00:01:26]} Re2 {[%clk
00:15:00]} {[%emt 00:03:36]} 32. Rd8+ {[%clk 00:08:13]} {[%emt 00:00:55]} Re8
{[%clk 00:15:09]} {[%emt 00:00:21]} 33. Rxe8+ {[%clk 00:08:05]} {[%emt
00:00:37]} Nxe8 {[%clk 00:15:19]} {[%emt 00:00:20]} 34. Re7 {[%clk 00:07:51]}
{[%emt 00:00:44]} Ng7 {[%clk 00:15:03]} {[%emt 00:00:47]} 35. b5 {[%clk
00:07:19]} {[%emt 00:01:02]} axb5 {[%clk 00:14:03]} {[%emt 00:01:29]} 36. axb5
{[%clk 00:07:37]} {[%emt 00:00:11]} Bxb5 {[%clk 00:14:24]} {[%emt 00:00:10]}
37. Rxb7 {[%clk 00:07:31]} {[%emt 00:00:36]} Bc6 {[%clk 00:14:27]} {[%emt
00:00:26]} 38. Rb6 {[%clk 00:07:42]} {[%emt 00:00:19]} Bd5 {[%clk 00:13:50]}
{[%emt 00:01:06]} 39. Rxf6 {[%clk 00:07:25]} {[%emt 00:00:49]} Nh5 {[%clk
00:14:10]} {[%emt 00:00:10]} 40. Rf8+ {[%clk 00:06:45]} {[%emt 00:01:09]} Kg7
{[%clk 00:14:31]} {[%emt 00:00:09]} 41. g4 {[%clk 00:05:33]} {[%emt 00:01:43]}
Nf6 {[%clk 00:13:45]} {[%emt 00:01:16]} 42. Rd8 {[%clk 00:04:22]} {[%emt
00:01:40]} Kf7 {[%clk 00:09:59]} {[%emt 00:04:16]} 43. g5 {[%clk 00:02:59]}
{[%emt 00:01:53]} Be6 {[%clk 00:05:01]} {[%emt 00:05:27]} 44. Rf8+ {[%clk
00:01:27]} {[%emt 00:02:03]} Kg7 {[%clk 00:04:14]} {[%emt 00:01:19]} 45. gxf6+
{[%clk 00:01:42]} {[%emt 00:00:15]} Kh6 {[%emt 00:00:10]} 46. h4 {[%clk
00:30:02]} {[%emt 00:02:07]} Kh5 {[%clk 00:31:04]} {[%emt 00:04:02]} 47. f7
{[%clk 00:29:38]} {[%emt 00:00:54]} h6 {[%clk 00:30:21]} {[%emt 00:01:13]} 48.
Be3 {[%clk 00:23:44]} {[%emt 00:06:24]} Kg4 {[%clk 00:23:26]} {[%emt 00:07:25]}
49. Bxh6 {[%clk 00:22:08]} {[%emt 00:02:06]} Kf5 {[%clk 00:23:30]} {[%emt
00:00:27]} 50. Kg2 {[%clk 00:18:34]} {[%emt 00:04:01]} Kf6 {[%clk 00:21:09]}
{[%emt 00:02:53]} 51. Kg3 {[%clk 00:16:27]} {[%emt 00:02:37]} Bxf7 {[%clk
00:20:38]} {[%emt 00:01:01]} 52. Kg4 {[%clk 00:16:34]} {[%emt 00:00:22]} Ke7
{[%clk 00:20:19]} {[%emt 00:00:50]} 53. Rxf7+ {[%clk 00:16:19]} {[%emt
00:00:45]} Kxf7 {[%clk 00:20:41]} {[%emt 00:00:08]} 54. Kg5 {[%clk 00:16:34]}
{[%emt 00:00:14]} Kg8 {[%clk 00:20:43]} {[%emt 00:00:27]} 55. Kxg6 {[%clk
00:16:40]} {[%emt 00:00:24]} Kh8 {[%clk 00:21:06]} {[%emt 00:00:08]} 56. f4
{[%clk 00:16:36]} {[%emt 00:00:34]} Kg8 {[%clk 00:21:28]} {[%emt 00:00:07]} 57.
f5 {[%clk 00:17:01]} {[%emt 00:00:06]} Kh8 {[%clk 00:21:53]} {[%emt 00:00:04]}
58. f6 {[%clk 00:16:48]} {[%emt 00:00:43]} Kg8 {[%clk 00:22:19]} {[%emt
00:00:05]} 59. f7+ {[%clk 00:17:02]} {[%emt 00:00:16]} Kh8 {[%clk 00:22:45]}
{[%emt 00:00:04]} 60. Bg7# {[%clk 00:17:23]} {[%emt 00:00:08]} 1-0